Lisān al-ʻArab, (Record no. 49165)
[ view plain ]
| 000 -LEADER | |
|---|---|
| fixed length control field | 00811cam a22002291 4500 |
| 001 - CONTROL NUMBER | |
| control field | ne 66001814 |
| 003 - CONTROL NUMBER IDENTIFIER | |
| control field | DLC |
| 005 - DATE AND TIME OF LATEST TRANSACTION | |
| control field | 20260227111826.0 |
| 008 - FIXED-LENGTH DATA ELEMENTS--GENERAL INFORMATION | |
| fixed length control field | 830120m19669999ua d 000 0 arar |
| 010 ## - LIBRARY OF CONGRESS CONTROL NUMBER | |
| LC control number | ne 66001814 |
| 035 ## - SYSTEM CONTROL NUMBER | |
| System control number | (OCoLC)9147863 |
| 040 ## - CATALOGING SOURCE | |
| Original cataloging agency | DLC |
| Transcribing agency | WaU |
| Modifying agency | WaU |
| -- | DLC |
| 042 ## - AUTHENTICATION CODE | |
| Authentication code | premarc |
| 050 00 - LIBRARY OF CONGRESS CALL NUMBER | |
| Classification number | PJ6620 |
| Item number | .I154 |
| 100 2# - MAIN ENTRY--PERSONAL NAME | |
| Personal name | Ibn Manẓūr, Muḥammad ibn Mukarram, |
| Dates associated with a name | 1232-1311 or 1312. |
| 245 10 - TITLE STATEMENT | |
| Title | Lisān al-ʻArab, |
| Statement of responsibility, etc. | li-Ibn Manẓūr Jamāl al-Dīn Muḥammad ibn Mukarram al-Anṣārī. |
| 260 ## - PUBLICATION, DISTRIBUTION, ETC. | |
| Place of publication, distribution, etc. | [al-Qāhirah] |
| Name of publisher, distributor, etc. | al-Dār al-Miṣrīyah lil-Taʼlīf wa-al-Tarjamah |
| Date of publication, distribution, etc. | 1966- |
| 300 ## - PHYSICAL DESCRIPTION | |
| Extent | v. |
| Dimensions | 28 cm. |
| 440 #0 - SERIES STATEMENT/ADDED ENTRY--TITLE | |
| Title | Turāthunā |
| 500 ## - GENERAL NOTE | |
| General note | "Ṭabʻah muṣawwar ʻan ṭabʻat Būlāq maʻahā taṣwībāt wa-fahāris mutanawwiʻah." |
| 650 #0 - SUBJECT ADDED ENTRY--TOPICAL TERM | |
| Topical term or geographic name entry element | Arabic language |
| Form subdivision | Dictionaries. |
No items available.